50 [i.e. Cincuenta] prosas en El Mercurio : 1921-1956 /
Floridor Pérez, escritor chileno nacido en la localidad de Yates en 1937, estudió en las Escuelas Normales de Valvidia y Victoria, donde se tituló en 1957, y ha dedicado una gran parte de su trayectoria profesional a la docencia en diversos niveles y contextos educativos, incluida una experiencia de...
Na minha lista:
| Autor principal: | |
|---|---|
| Outros Autores: | |
| Formato: | Livro |
| Idioma: | espanhol |
| Publicado em: |
Santiago, Chile :
El Mercurio : Aguilar,
2005, c2005
|
| Assuntos: | |
| Tags: |
Sem tags, seja o primeiro a adicionar uma tag!
|
MARC
| LEADER | 00000nam^a2200000^a^4500 | ||
|---|---|---|---|
| 001 | 000185876 | ||
| 005 | 20250521000000.0 | ||
| 009 | 20260310102205.734 | ||
| 020 | |a 956-239-361-5 | ||
| 037 | |a Acervo ITESO - Biblioteca | ||
| 041 | |a ESP | ||
| 082 | |a 864. |b MIS | ||
| 100 | |a Mistral, Gabriela |e (autor) | ||
| 245 | 1 | 0 | |a 50 [i.e. Cincuenta] prosas en El Mercurio : |b 1921-1956 / |c G. Mistral ; selec, pról. y notas de F. Pérez. |
| 264 | 4 | |a Santiago, Chile : |b El Mercurio : |b Aguilar, |c 2005, c2005 | |
| 300 | |a 249 p. | ||
| 336 | |a texto |b txt |2 rdacontenido | ||
| 337 | |a sin mediación |b n |2 rdamedio | ||
| 338 | |a volumen |b nc |2 rdasoporte | ||
| 520 | |a Floridor Pérez, escritor chileno nacido en la localidad de Yates en 1937, estudió en las Escuelas Normales de Valvidia y Victoria, donde se tituló en 1957, y ha dedicado una gran parte de su trayectoria profesional a la docencia en diversos niveles y contextos educativos, incluida una experiencia de quince años como profesor rural. Ha realizado contribuciones a la literatura pedagógica con títulos como Ortografía actualizada y Diccionario ortográfico de dudas de la lengua y entre sus aportes a la divulgación literaria se cuentan Antología del poema breve en Chile, Poesía chilena del deporte y los juegos y Cuentos de siempre para niños de hoy, pero también es autor de creaciones propias, como los libros de poesía Cartas de prisionero, Memorias de un condenado a amarte, Obra completamente incompleta: antología personal y Navegancias. | ||
| 649 | |a XX | ||
| 650 | |a Madres | ||
| 650 | |a Mujeres - |z Chile - |x Condiciones Sociales y Culturales | ||
| 650 | |a Mujeres Argentinas | ||
| 650 | |a Escritores Chilenos | ||
| 650 | |a Escritores Argentinos | ||
| 650 | |a Escritores Libaneses | ||
| 650 | |a Independentistas Chilenos | ||
| 650 | |a Jefes de Estado Chilenos | ||
| 650 | |a Políticos Chilenos | ||
| 650 | |a Revolucionarios Nicaragüenses | ||
| 650 | |a Políticos Nicaragüenses | ||
| 650 | |a Emblemas Nacionales - |z Chile | ||
| 650 | |a Creación (Literaria, Artística, etc.) | ||
| 650 | |a Alpinismo - |z Andes | ||
| 650 | |a Folklore - |z Chile | ||
| 650 | |a Calidad de la Educación - |z Chile | ||
| 650 | |a Movimientos de Mujeres - |z Chile | ||
| 650 | |a Género - |z Chile | ||
| 650 | |a Exportaciones - |z Chile | ||
| 650 | |a Política Económica - |z Chile | ||
| 650 | |a Educación - |z Chile - |x Historia | ||
| 650 | |a Zonas Rurales - |x Condiciones Sociales y Culturales | ||
| 650 | |a Zonas Rurales - |x Condiciones Económicas | ||
| 650 | |a Desarrollo Sustentable | ||
| 650 | |a Conservación y Protección Ambiental | ||
| 650 | |a Ecología | ||
| 650 | |a Política - |z Chile - |x Historia | ||
| 650 | |a Política - |z Nicaragua - |x Historia - |y 1934-1979 | ||
| 650 | |a Ensayos Chilenos | ||
| 650 | |a Poesía Chilena | ||
| 650 | |a Artículos Periodísticos Chilenos | ||
| 650 | |a Columna Periodística | ||
| 650 | |a Periódicos - |z Chile | ||
| 650 | |a Prensa - |z Chile | ||
| 650 | |a Medios Impresos - |z Chile | ||
| 650 | |a Medios de Comunicación - |z Chile | ||
| 650 | |a Comunicación Masiva - |z Chile | ||
| 650 | |a Literatura Libanesa - |y Siglo XX | ||
| 650 | |a Literatura Libanesa - |x Historia y Crítica | ||
| 650 | |a Literatura Argentina - |y Siglo XX | ||
| 650 | |a Literatura Argentina - |x Historia y Crítica | ||
| 650 | |a Literatura Chilena - |y Siglo XIX | ||
| 650 | |a Literatura Chilena - |y Siglo XX | ||
| 650 | |a Literatura de Mujeres - |z Chile | ||
| 650 | |a Literatura de Mujeres - |x Historia y Crítica | ||
| 650 | |a Literatura - |x Historia y Crítica | ||
| 650 | |a Chile - |x Historia | ||
| 650 | |a Chile - |x Descripción | ||
| 650 | |a Henríquez, Camilo | ||
| 650 | |a Balmaceda, José Manuel | ||
| 650 | |a Sarmiento, Domingo Faustino | ||
| 650 | |a Sandino, Augusto César | ||
| 650 | |a Storni, Alfonsina | ||
| 600 | |a Gibran, Kahlil | ||
| 600 | |a Neruda, Pablo | ||
| 700 | |a Pérez, Floridor |e (selección) | ||
| 910 | |a Fondo General | ||
| 920 | |a Impresos - Libros | ||
| 930 | |a Colección General | ||
| 940 | |a Literatura | ||
| 905 | |a 101 | ||
| 901 | |a 0500127104 |b IT1 |c LIT |u 20250521 | ||
| 902 | |a https://opac.biblio.iteso.mx/vufind/Record/000185876 | ||